000 00903cam a22002774a 4500
001 14340512
003 OSt
005 20141027113259.0
008 060414s2007 at a b 001 0 eng
010 _a 2006925809
020 _a9789814227537
040 _aDLC
_cDLC
050 0 0 _aBF39
_b.P131 2007
082 0 0 _aM 150.151
_b.P14 2007
100 1 _aPagano, Robert R.
245 1 0 _aUnderstanding statistics in the behavioral sciences /
_cPagano, Robert R.
250 _a8th ed.
260 _aAustralia
_aBelmont, CA.
_bThomson Wadsworth
_cc2007
300 _axxvi, 568 p.
_bill.
_c27 cm.
504 _aIncludes bibliographical references and index.
650 0 _aPsychology
_xStatistical methods
_vTextbooks.
650 0 _aPsychometrics
_vTextbooks.
906 _a7
_bcbc
_corignew
_d2
_eepcn
_f20
_gy-gencatlg
942 _2lcc
_cBK
999 _c15638
_d15638